000 01976nam a2200433 i 4500
001 ebr10928977
003 CaPaEBR
006 m o d
007 cr cn|||||||||
008 140916s2007 enkabd ob 001 0 eng|d
020 _z9781843391364
020 _a9781780405308 (e-book)
040 _aCaPaEBR
_beng
_erda
_epn
_cCaPaEBR
035 _a(OCoLC)893682309
050 1 4 _aQH541.5.C6
_bC58 2007eb
082 0 4 _a363.61091732
_223
245 0 0 _aCities of the future :
_btowards integrated sustainable water and landscape management /
_cedited by Vladimir Novotny, Northeastern University, Boston, MA, Paul Brown, CDM, San Diego, CA. ; sponsored by National Science Foundation, Washington, DC, USA [and four others].
264 1 _aLondon :
_bIWA Publishing,
_c2007.
300 _a1 online resource (452 pages) :
_billustrations, maps
336 _atext
_2rdacontent
337 _acomputer
_2rdamedia
338 _aonline resource
_2rdacarrier
500 _aProceedings of an International Workshop held July 12-14, 2006 in Wingspread Conference Center (Racine, WI).
504 _aIncludes bibliographical references and index.
588 _aDescription based on online resource; title from PDF title page (ebrary, viewed September 16, 2014).
590 _aElectronic reproduction. Palo Alto, Calif. : ebrary, 2014. Available via World Wide Web. Access may be limited to ebrary affiliated libraries.
650 0 _aSustainable urban development.
650 0 _aHydrology.
650 0 _aLandscape design.
650 0 _aWater resources development.
650 0 _aSustainable development.
650 0 _aCities and towns.
655 0 _aElectronic books.
700 1 _aNovotny, Vladimir,
_eeditor.
700 1 _aBrown, Paul,
_eeditor.
710 2 _aNational Science Foundation,
_eissuing body.
797 2 _aebrary.
856 4 0 _uhttp://site.ebrary.com/lib/rucke/Doc?id=10928977
_zAn electronic book accessible through the World Wide Web; click to view
999 _c75838
_d75838